Countries by clue - Statistics

General Stats
  • This quiz has been taken 40 times
  • The average score is 8 of 15
Answer Stats
Hint Answer % Correct
The only country that begins with Y Yemen
100%
The only country outside of asia to begin with J Jamaica
81%
The only country outside of North America to begin with H Hungary
76%
A country which is the federate states of… Micronesia
65%
A four letter country ending In the letter U Peru
65%
The last country alphabetically to begin with S Syria
57%
The only country to end in the letter H Bangladesh
54%
The only country who’s second letter is j Djibouti
51%
The only country to contain the consecutive letters pp Philippines
51%
The only country to end with the letters ho Lesotho
46%
A country who’s entire name is the first five letters of a different country Niger
38%
The only country containing the letter x other than Mexico Luxembourg
35%
The last country alphabetically to begin with P Portugal
35%
The longest one word country Liechtenstein
27%
The longest one word country without a repeating letter Switzerland
8%
No matching quizzes found
Score Distribution
Percent of People with Each Score
Percentile by Number Answered
Your Score History
You have not taken this quiz